000 00766nam a2200265Ia 4500
003 OSt
005 20220927110342.0
006 a|||||r|||| 00| 0
007 ta
008 220926b |||||||| |||| 00| 0 eng d
024 _a30105
037 _cReports
040 _aRTL
_cRTL
_beng
041 _2eng
_aeng
082 _a"X:54.1920k1(X).N6, K3/UN"
110 _aGENERAL AGREEMENT TARIFFS AND TRADE
_9376480
245 0 _aTrade in tropical products
260 _aGeneva
_bGATT
_c1963
300 _a180p. Appendix p.157-58
_ccm.
650 _a Economics
650 _aInternational Trade
700 _aGENERAL AGREEMENT TARIFFS AND TRADE
_9376481
942 _h"X:54.1920k1(X).N6, K3/UN"
_cCC
999 _c695710
_d695710